|
|
|
|
| LEADER |
00000nam0a2200000 4500 |
| 001 |
124214 |
| 005 |
20231101215845.0 |
| 010 |
|
|
|a 9785353029076
|
| 035 |
|
|
|a (RuTPU)RU\TPU\book\134442
|
| 090 |
|
|
|a 124214
|
| 100 |
|
|
|a 20071030d2007 m y0rusy50 ca
|
| 101 |
1 |
|
|a rus
|c eng
|
| 102 |
|
|
|a RU
|
| 105 |
|
|
|a y z 000ay
|
| 200 |
1 |
|
|a Гарри Поттер и дары смерти
|e пер. с англ.
|e роман
|f Дж. К. Роулинг (Ролинг)
|
| 210 |
|
|
|a Москва
|c Росмэн
|d 2007
|
| 215 |
|
|
|a 640 с.
|
| 225 |
1 |
|
|a HP
|
| 330 |
|
|
|a Гарри Поттера ждет самое страшное испытание в жизни — смертельная схватка с Волан-де-Мортом. Ждать помощи не от кого — Гарри одинок как никогда. Друзья и враги Гарри предстают в совершенно неожиданном свете. Граница между Добром и Злом становится все призрачнее... В седьмой, финальной книге Дж. К. Ролинг раскрывает все магические тайны.
|
| 610 |
1 |
|
|a английская литература
|
| 610 |
1 |
|
|a романы
|
| 610 |
1 |
|
|a детская литература
|
| 610 |
1 |
|
|a фантастика
|
| 610 |
1 |
|
|a фэнтези
|
| 675 |
|
|
|a 82
|v 3
|
| 700 |
|
1 |
|a Роулинг (Ролинг)
|b Дж. К.
|c английская писательница
|c после замужества - Мюррэй (Мюррей)
|f 1965-
|g Джоан (Джоанна) Кэтлин (Кетлин)
|2 stltpush
|3 (RuTPU)RU\TPU\pers\30803
|9 15059
|
| 801 |
|
1 |
|a RU
|b 63413507
|c 20071030
|g PSBO
|
| 801 |
|
2 |
|a RU
|b 63413507
|c 20151029
|g PSBO
|
| 942 |
|
|
|c BK
|